Kate /

Saved in:
Bibliographic Details
Main Author: Cleeve, Brian, 1921-
Format: Book
Language:English
Published: London : Cassell, 1977.
Subjects:
LEADER 00831nam a2200241 i 4500
001 c000076937
003 CARM
005 00000000000000.0
008 770903s1977 enk 00011 eng d
015 |a B7722856 
019 1 |a 3373826  |5 LACONCORD2021 
020 |a 0304297534 :  |c L.3.95 
035 |a (OCoLC)3996729  |5 LACONCORD2021 
100 1 |a Cleeve, Brian,  |d 1921- 
245 1 0 |a Kate /  |c Brian Cleeve. 
260 |a London :  |b Cassell,  |c 1977. 
300 |a [2], 345 p. ;  |c 21cm. 
500 |a Fiction in English, 1900-. Texts (BNB/PRECIS) 
650 0 |a English fiction. 
852 8 |b CARM  |h A2:AH33G0  |i A01641  |p 0129536  |f BK 
082 0 4 |a 823/.9/1  |2 18 
999 f f |i 068abb1f-6560-5562-8549-e686cb4e6414  |s 21779cb7-02e0-5c56-ac17-48738bad0d71 
952 f f |p Can circulate  |a CAVAL  |b CAVAL  |c CAVAL  |d CARM 1 Store  |e A01641  |f A2:AH33G0  |h Other scheme  |i book  |m 0129536